Statistics for Countries Closest to Cabo Verde

Click here to take the quiz!

General Stats

  • This quiz has been taken 882 times
  • The average score is 19 of 22

Answer Stats

km Country miles % Correct
756Western Sahara (Morocco)470
97%
571Senegal355
96%
996Guinea619
95%
700Gambia435
94%
1129Mali702
94%
2456Niger1526
94%
1871Algeria1163
93%
2242Ghana1393
93%
2863Nigeria1779
92%
1574Liberia978
92%
1266Sierra Leone786
92%
758Guinea-Bissau471
91%
2527Togo1570
91%
658Mauritania409
90%
2638Benin1639
90%
1711Cote d'Ivoire1063
89%
1304Spain810
88%
1923Burkina Faso1195
87%
1857Portugal1154
86%
3492Libya2170
62%
2520Brazil1566
49%
3355Suriname2084
37%

Score Distribution

Percentile by Number Answered

Percent of People with Each Score

Your Score History

You have not taken this quiz